[Event "Foxwoods Open"]
[Site "CT"]
[Date "2003.04.20"]
[Round "6"]
[White "Kurniawan, Bobby"]
[Black "Kaufman, Lawrence"]
[Result "1-0"]
[WhiteElo "2311"]
[BlackElo "2458"]
[PlyCount "119"]
[EventDate "2003.??.??"]

1. e4 e5 2. Nf3 Nc6 3. Bb5 Nf6 4. Qe2 Bc5 5. c3 O-O 6. O-O d6 7. h3 Bd7 8. Rd1
Re8 9. a4 a6 10. Bc4 h6 11. d3 Ba7 12. a5 Ne7 13. Nh4 d5 14. Bb3 Be6 15. Nd2
Qd7 16. Ndf3 Nc6 17. Ba4 Qd6 18. g4 Rad8 19. Nh2 Nd7 20. Nf5 Bxf5 21. gxf5 dxe4
22. dxe4 Qf6 23. Ng4 Qh4 24. Be3 Bxe3 25. Qxe3 h5 26. Bxc6 bxc6 27. Nh2 Nf6 28.
Rxd8 Rxd8 29. Re1 Nh7 30. Kg2 Ng5 31. Nf1 c5 32. Qg3 Qxg3+ 33. fxg3 Rb8 34. Re2
Rb5 35. h4 Nh7 36. Ne3 f6 37. Nc4 Kf7 38. Rd2 Ke7 39. Kf3 Nf8 40. g4 hxg4+ 41.
Kxg4 Rb8 42. Ne3 Rd8 43. Rxd8 Kxd8 44. Kh5 Kd7 45. b3 Kc6 46. c4 Kd6 47. Nd5
Kd7 48. Kg4 Kd6 49. Kf3 Nd7 50. Ke3 Nb8 51. h5 Nc6 52. Kf3 Nxa5 53. Nxf6 Nxb3
54. Ke3 a5 55. Nd5 a4 56. f6 Ke6 57. fxg7 Kf7 58. h6 a3 59. Nf6 Kxf6 60. g8=Q
1-0

[Event "Foxwoods Open"]
[Site "CT"]
[Date "2003.04.20"]
[Round "6"]
[White "Milman, Lev"]
[Black "Tsyganov, Igor M"]
[Result "1-0"]
[WhiteElo "2400"]
[BlackElo "2207"]
[PlyCount "79"]
[EventDate "2003.??.??"]

1. e4 c5 2. Nf3 e6 3. c3 d5 4. exd5 Qxd5 5. d4 Nc6 6. Na3 Bd7 7. Be3 cxd4 8.
Nb5 Rc8 9. Nbxd4 a6 10. Be2 Nf6 11. O-O Be7 12. c4 Qe4 13. Bd3 Qg4 14. Ne2 Qh5
15. Bb6 Ne5 16. Nxe5 Qxe5 17. Bd4 Qh5 18. f4 Bc5 19. f5 Ng4 20. h3 Ne3 21. Bxe3
Bxe3+ 22. Kh2 O-O 23. b3 exf5 24. Ng3 Qg5 25. Bxf5 Rc7 26. Qd3 Rd8 27. Rad1 g6
28. Ne4 Bf4+ 29. g3 Qxf5 30. Rxf4 Qxh3+ 31. Kg1 Rc6 32. Nf6+ Rxf6 33. Rxf6 h5
34. Rxg6+ fxg6 35. Qxg6+ Kh8 36. Qf6+ Kh7 37. Qe7+ Kg6 38. Rd6+ Kf5 39. Rf6+
Kg4 40. Qg7# 1-0

[Event "Foxwoods Open"]
[Site "CT"]
[Date "2003.04.20"]
[Round "6"]
[White "Aramil, William J"]
[Black "Benen, Samson"]
[Result "0-1"]
[WhiteElo "2153"]
[BlackElo "2273"]
[PlyCount "50"]
[EventDate "2003.??.??"]

1. e4 e5 2. Nf3 Nc6 3. Bc4 Bc5 4. b4 Bb6 5. O-O d6 6. a4 a6 7. c3 Nf6 8. d4 Bg4
9. a5 Ba7 10. Qb3 O-O 11. dxe5 dxe5 12. Rd1 Qc8 13. b5 axb5 14. Qxb5 Nxe4 15.
a6 Bxf3 16. gxf3 Qh3 17. Be3 Bxe3 18. fxe3 Qxf3 19. Rf1 Qg4+ 20. Kh1 Nd6 21.
Bxf7+ Rxf7 22. Qd5 Qe4+ 23. Qxe4 Rxf1+ 24. Kg2 Nxe4 25. Kxf1 Rxa6 0-1

[Event "Foxwoods Open"]
[Site "CT"]
[Date "2003.04.20"]
[Round "6"]
[White "Hanken, Jerry"]
[Black "Greanias, Steve"]
[Result "1/2-1/2"]
[WhiteElo "2200"]
[BlackElo "2265"]
[PlyCount "62"]
[EventDate "2003.??.??"]

1. c4 c5 2. g3 Nf6 3. Bg2 d5 4. cxd5 Nxd5 5. Nc3 Nc7 6. f4 g6 7. Nf3 Bg7 8. O-O
Nc6 9. b3 O-O 10. Bb2 Rb8 11. Na4 Nd4 12. e3 b5 13. exd4 bxa4 14. Ne5 Bxe5 15.
dxe5 axb3 16. axb3 Nb5 17. Qc2 Bf5 18. Qxc5 Qxd2 19. Rf2 Qd7 20. Qe3 Rfd8 21.
Bf1 Rb7 22. Bg2 Rb6 23. Bf3 Qd3 24. Qxd3 Rxd3 25. b4 Rb3 26. Ra4 Bd7 27. Bd1
Re3 28. Rd2 Rb7 29. Kf2 Nc3 30. Kxe3 Nxd1+ 31. Rxd1 Bxa4 1/2-1/2

[Event "Foxwoods Open"]
[Site "CT"]
[Date "2003.04.20"]
[Round "7"]
[White "Vigorito, David"]
[Black "Zimbeck, David A"]
[Result "1-0"]
[WhiteElo "2361"]
[BlackElo "2172"]
[PlyCount "31"]
[EventDate "2003.??.??"]

1. Nf3 d5 2. d4 c6 3. c4 e6 4. Qc2 Nf6 5. Bg5 h6 6. Bh4 Nbd7 7. e3 Bd6 8. Nbd2
b6 9. cxd5 cxd5 10. Qc6 Qc7 11. Qxa8 O-O 12. Kd1 Nb8 13. Rc1 Qd7 14. Bg3 a6 15.
Bxd6 Qxd6 16. Qa7 1-0